00678nam a2200193Ia 4500952016200000999001500162003000400177005001700181008004100198020001800239040000900257082002200266100003100288245005100319260004300370300000900413650001200422942005000434 00102ddc40708FINANCIAL ECONOMICSaMESbMEScECO d2019-02-20g1280.00l1o332.120954 RAO/Bp38005r2024-08-30 12:41:53s2024-08-27w2019-02-20yBKzGL6R1 c8063d8063OSt20200125144011.0190216s9999||||xx |||||||||||||| ||und|| a9788190618427 coclc a332.120954bRAO/B aRao, D Suryachandra91567 0aBanking Reforms In India /cD Suryachandra Rao bRegal Publications,c2008.aNew Delhi: a412p aBanking cBK2ddch332.120954iRAO/Bk332.120954mRAO/B